R. FOR EVERYONE ADVANCED ANALYTIC AND GRAPHIC (Record no. 14280)

MARC details
000 -LEADER
fixed length control field 00269nam a22001217a 4500
003 - CONTROL NUMBER IDENTIFIER
control field SGT
082 ## - DEWEY DECIMAL CLASSIFICATION NUMBER
Classification number LAN
100 ## - MAIN ENTRY--PERSONAL NAME
Personal name LANDER, JARED P.
245 ## - TITLE STATEMENT
Title R. FOR EVERYONE ADVANCED ANALYTIC AND GRAPHIC
260 ## - PUBLICATION, DISTRIBUTION, ETC. (IMPRINT)
Place of publication, distribution, etc PEARSON INDIA
Year of Publication 2015
300 ## - PAGE DESCRIPTION
No. of Pages 432
942 ## - ADDED ENTRY ELEMENTS (KOHA)
Source of classification or shelving scheme Dewey Decimal Classification
Koha item type Books
942 ## - ADDED ENTRY ELEMENTS (KOHA)
-- 6
Holdings
Withdrawn status Lost status Source of classification or shelving scheme Damaged status Not for loan Collection code Home library Current library Shelving location Date acquired Vendor Name Cost, normal purchase price SGTU Bill Number Total Checkouts Full call number Accession No. (Barcode) Date last seen Date last borrowed Bill Date Koha item type
    Dewey Decimal Classification     COMMERCE MANAGEMENT SGT Science & Social Sciences Library SGT Science & Social Sciences Library Text Book 27/12/2017 AHUJA BOOKS 599.00 SGTU 9088 3 LAN CM3976 18/10/2023 04/10/2023   Books
    Dewey Decimal Classification     COMMERCE MANAGEMENT SGT Science & Social Sciences Library SGT Science & Social Sciences Library Text Book 27/12/2017 AHUJA BOOKS 599.00 SGTU 9088 2 LAN CM3977 04/07/2022 01/06/2022   Books
    Dewey Decimal Classification     COMMERCE MANAGEMENT SGT Science & Social Sciences Library SGT Science & Social Sciences Library Text Book 27/12/2017 AHUJA BOOKS 599.00 SGTU 9088 3 LAN CM3978 02/06/2025 30/05/2025   Books